<?xml version="1.0" encoding="UTF-8"?>
<record
    xmlns:xsi="http://www.w3.org/2001/XMLSchema-instance"
    xsi:schemaLocation="http://www.loc.gov/MARC21/slim http://www.loc.gov/standards/marcxml/schema/MARC21slim.xsd"
    xmlns="http://www.loc.gov/MARC21/slim">

  <leader>03215nam a2200337 a 4500</leader>
  <controlfield tag="001">41235</controlfield>
  <controlfield tag="003">BD-RjUL</controlfield>
  <controlfield tag="005">20211209053343.0</controlfield>
  <controlfield tag="008">160517s2008    enka     b    001 0ceng d</controlfield>
  <datafield tag="020" ind1=" " ind2=" ">
    <subfield code="a">9781847740076 (hbk.)</subfield>
    <subfield code="c">&#xFFFD;29.99</subfield>
  </datafield>
  <datafield tag="020" ind1=" " ind2=" ">
    <subfield code="a">1847740073 (hbk.)</subfield>
    <subfield code="c">&#xFFFD;29.99</subfield>
  </datafield>
  <datafield tag="020" ind1=" " ind2=" ">
    <subfield code="a">9781847740069 (pbk.)</subfield>
    <subfield code="c">&#xFFFD;19.99</subfield>
  </datafield>
  <datafield tag="020" ind1=" " ind2=" ">
    <subfield code="a">1847740065 (pbk.)</subfield>
    <subfield code="c">&#xFFFD;19.99</subfield>
  </datafield>
  <datafield tag="035" ind1=" " ind2=" ">
    <subfield code="a">BD-RjUL41352</subfield>
  </datafield>
  <datafield tag="040" ind1=" " ind2=" ">
    <subfield code="a">StDuBDS</subfield>
    <subfield code="b">eng</subfield>
    <subfield code="c">StDuBDS</subfield>
    <subfield code="d">Uk</subfield>
    <subfield code="d">BD-RjUL</subfield>
  </datafield>
  <datafield tag="041" ind1=" " ind2=" ">
    <subfield code="a">eng</subfield>
  </datafield>
  <datafield tag="082" ind1="0" ind2="4">
    <subfield code="a">297.0922</subfield>
    <subfield code="2">22</subfield>
    <subfield code="b">KHM 2008 </subfield>
  </datafield>
  <datafield tag="100" ind1="1" ind2=" ">
    <subfield code="a">Khan, Muhammad Mojlum.</subfield>
    <subfield code="9">124396</subfield>
  </datafield>
  <datafield tag="245" ind1="1" ind2="4">
    <subfield code="a">The Muslim 100 :</subfield>
    <subfield code="b">the lives, thoughts and achievements of the most influential Muslims in history /</subfield>
    <subfield code="c">Muhammad Mojlum Khan.</subfield>
  </datafield>
  <datafield tag="246" ind1="3" ind2=" ">
    <subfield code="a">Muslim one hundred</subfield>
  </datafield>
  <datafield tag="260" ind1=" " ind2=" ">
    <subfield code="a">Markfield, U.K. :</subfield>
    <subfield code="b">Kube,</subfield>
    <subfield code="c">c2008.</subfield>
  </datafield>
  <datafield tag="300" ind1=" " ind2=" ">
    <subfield code="a">xii, 459 p. :</subfield>
    <subfield code="b">ill. ;</subfield>
    <subfield code="c">25 cm.</subfield>
  </datafield>
  <datafield tag="504" ind1=" " ind2=" ">
    <subfield code="a">Includes bibliographical references (p. 421-435) and index.</subfield>
  </datafield>
  <datafield tag="505" ind1="0" ind2=" ">
    <subfield code="a">Prophet Muhammad -- Umar ibn al-Khattab -- Ali ibn Abi Talib -- Abu Bakr al-Siddiq -- Uthman ibn Affan -- Aishah bint Abu Bakr -- Khadijah bint Khuwailid -- Khalid ibn al-Walid -- Hussain ibn Ali -- Abu Hurairah -- Fatimah bint Muhammad -- Bilal ibn Rabah -- Al-Bukhari -- Abu Hanifah -- Abul Hasan al-Ash&#xFFFD;ari -- Salah al-Din Ayyubi -- Abu Hamid al-Ghazali -- Al-Shafi&#xFFFD;i -- Al-Khwarizmi -- Ahmad ibn Hanbal -- Ibn Khaldun -- Malik ibn Anas -- Umar ibn Abd al-Aziz -- Abd al-Qadir al-Jilani -- Ibn Sina -- Ibn Taymiyyah -- Nizam al-Mulk -- Al-Kindi -- Muawiyah ibn Abi Sufyan -- Jalal al-Din Rumi -- Harun al-Rashid -- Abd al-Rahman I -- Tariq ibn Ziyad -- Sultan Muhammad II -- Al-Biruni -- Sulaiman the Magnificent -- Ja&#xFFFD;far al-Sadiq -- Abd al-Rahman III -- Ibn Ishaq -- Abdullah al-Ma&#xFFFD;mun -- Ibn Rushd -- Timur the Conqueror -- Akbar the Great -- Al-Farabi -- Al-Tabari -- Ibn Battutah -- Jabir ibn-Hayyan -- Mimar Sinan -- Abu Bakr al-Razi -- Hasan al-Basri -- Ibn al-Haytham -- Muslim ibn al-Hajjaj -- Mahmud of Ghazna -- Muhammad ibn al-Qasim -- Musa ibn Nusayr -- Shah Jahan -- Abul Hasan al-Mas&#xFFFD;udi -- Abul Qasim al-Zahrawi -- Ibn Arabi -- Umar Khayyam -- Jamal al-Din al-Afghani -- Ibn Abd al-Wahhab -- Rabi&#xFFFD;a al-Adawiyyah -- Abd al-Malik ibn Marwan -- Al-Hallaj -- Hasan al-Banna -- Khwajah Naqshband -- Ibn Hazm al-Andalusi -- Nasir al-Din al-Tusi -- Muhammad Ali Jinnah -- Fakhr al-Din al-Razi -- Abd al-Aziz ibn Saud -- Mustafa Kemal Ataturk -- Firdawsi of Persia -- Mu&#xFFFD;in al-Din Chishti -- Nur al-Din Zangi -- Shaykh Ahmad Sirhindi -- Ayatullah Khomeini -- Awrangzeb Alamgir -- Ibn Tufayl -- Muhammad Ilyas -- Sayyid Qutb -- Yahya al-Nawawi -- Muhammad Abduh -- Sir Muhammad Iqbal -- Abul Hasan al-Shadhili -- Shah Waliullah -- Shamyl of Daghestan -- Abul A&#xFFFD;la Mawdudi -- Shihab al-Din Suhrawardi -- Muhammad Yunus -- Shaykh Sa&#xFFFD;di of Shiraz -- Sir Sayyid Ahmad Khan -- The Mahdi of Sudan -- Al-Mutanabbi -- Uthman Dan Fodio -- Mulla Sadra -- Malcolm X -- Sa&#xFFFD;id Nursi -- Muhammad Ali -- Conclusion -- Chronology of Islamic history.</subfield>
  </datafield>
  <datafield tag="650" ind1=" " ind2="0">
    <subfield code="a">Muslims</subfield>
    <subfield code="v">Biography.</subfield>
    <subfield code="9">126865</subfield>
  </datafield>
  <datafield tag="650" ind1=" " ind2="0">
    <subfield code="a">Islamic civilization.</subfield>
    <subfield code="9">118973</subfield>
  </datafield>
  <datafield tag="650" ind1=" " ind2="0">
    <subfield code="a">Islamic renewal.</subfield>
    <subfield code="9">126866</subfield>
  </datafield>
  <datafield tag="651" ind1=" " ind2="0">
    <subfield code="a">Islamic countries</subfield>
    <subfield code="x">Civilization.</subfield>
    <subfield code="9">126867</subfield>
  </datafield>
  <datafield tag="942" ind1=" " ind2=" ">
    <subfield code="2">ddc</subfield>
    <subfield code="c">BK</subfield>
  </datafield>
  <datafield tag="999" ind1=" " ind2=" ">
    <subfield code="c">41235</subfield>
    <subfield code="d">41235</subfield>
  </datafield>
  <datafield tag="952" ind1=" " ind2=" ">
    <subfield code="0">0</subfield>
    <subfield code="1">0</subfield>
    <subfield code="2">ddc</subfield>
    <subfield code="4">0</subfield>
    <subfield code="7">1</subfield>
    <subfield code="8">NFIC</subfield>
    <subfield code="a">RUCL</subfield>
    <subfield code="b">RUCL</subfield>
    <subfield code="c">Reading</subfield>
    <subfield code="d">2016-02-15</subfield>
    <subfield code="e">RUCL</subfield>
    <subfield code="g">24.95</subfield>
    <subfield code="l">0</subfield>
    <subfield code="o">297.0922 KHM 2008 </subfield>
    <subfield code="r">2016-05-17 00:00:00</subfield>
    <subfield code="t">C-1</subfield>
    <subfield code="w">2021-12-09</subfield>
    <subfield code="y">BK</subfield>
  </datafield>
</record>
